| 000 | 00580nam a22002297a 4500 | ||
|---|---|---|---|
| 003 | OSt | ||
| 005 | 20140310181953.0 | ||
| 008 | 121121t xxu||||| |||| 00| 0 eng d | ||
| 020 | _a055315818X | ||
| 050 |
_aPZ 7 _b.St849 1990 |
||
| 082 |
_aKF _bSt4sv #11 |
||
| 100 |
_aStewart, Molly Mia. _93765 |
||
| 245 |
_aCrybaby Lois / _cMolly Mia Stewart. |
||
| 260 |
_aNew York : _bBantam Books, _cc1990. |
||
| 300 |
_a73 p. : _bill. ; _c19 cm. |
||
| 541 | _j1 | ||
| 541 | _j2 | ||
| 541 | _j3 | ||
| 562 | _e3 | ||
| 650 |
_aFiction. _9746 |
||
| 942 |
_2lcc _cBK-KF _kKF |
||
| 999 |
_c7903 _d7903 |
||